000 00542nam a2200157 i 4500
001 66003
003 ES-MaACL
007 t|
008 040126s1975 sp ||||1| spa d
100 1 _aFustier, Michel.
_953096
245 1 0 _aPedagogía de la creatividad
_b: ejercicios prácticos de creatividad /
_cMichel Fustier ; [traducción, María José Menéndez Zambrano].
260 _aMadrid :
_bIndex,
_c[1975]
300 _a277 p. :
_bil. ;
_c25 cm.
700 1 _aMenéndez Zambrano, María José.
_980337
852 _aES-MaACL
_jE-9692
_bR.94015
999 _c66003
_d66003